[Event "Skovbo GM 2014"]
[Site "Skovbo Kulturhus"]
[Date "2014.09.07"]
[Round "4.25"]
[White "Petersen, Henry"]
[Black "Hagerup, Per"]
[Result "0-1"]
[WhiteElo "1455"]
[BlackElo "1664"]
[PlyCount "84"]
[EventDate "2014.??.??"]
[WhiteTeam "Køge Skakklub"]
[BlackTeam "Tølløse Skakklub"]

1. e4 d6 2. d4 Nf6 3. Nc3 g6 4. h3 Bg7 5. Nf3 c5 6. dxc5 Qa5 7. Bd2 Qxc5 8. Bd3
a6 9. O-O O-O 10. Qe2 Nbd7 11. Qe3 Qc7 12. Rfe1 e5 13. Nd5 Nxd5 14. exd5 f5 15.
Ng5 Nf6 16. c4 e4 17. Be2 Qe7 18. h4 h6 19. Nh3 Nh7 20. Nf4 Kf7 21. Qg3 g5 22.
hxg5 hxg5 23. Nh5 Be5 24. f4 Bd4+ 25. Kf1 g4 26. Qh2 Rh8 27. Ng3 Ng5 28. Qxh8
Bxh8 29. fxg5 e3 30. Bc3 Bxc3 31. bxc3 f4 32. Nh1 Qxg5 33. Bd3 Qh4 34. Ke2 g3
35. Be4 Bd7 36. Bf3 Bf5 37. Red1 Rc8 38. Rd4 b5 39. Be4 Bxe4 40. Rxe4 Qg4+ 41.
Kd3 Qf5 42. Rf1 bxc4+ 0-1